Vision of sai II / (Record no. 41637)

MARC details
000 -LEADER
fixed length control field 00721nam a22002057a 4500
005 - DATE AND TIME OF LATEST TRANSACTION
control field 20100813104517.0
010 ## - LCCN (DPL NO)
LC control number ENG-100179
020 ## - INTERNATIONAL STANDARD BOOK NUMBER
International Standard Book Number 9788172087135
Terms of availability 141.00
035 ## - SYSTEM CONTROL NUMBER
System control number EN-83711
037 ## - SOURCE OF ACQUISITION
Source of stock number/acquisition DBAD/PUB
082 ## - DEWEY DECIMAL CLASSIFICATION NUMBER
Classification number 230.35
100 ## - MAIN ENTRY--PERSONAL NAME
Personal name Bruce, Rita
245 ## - TITLE STATEMENT
Title Vision of sai II /
Remainder of title by Rita Bruce
260 ## - PUBLICATION, DISTRIBUTION, ETC. (IMPRINT)
Place of publication, distribution, etc Prasanthi Nilayam
Name of publisher, distributor, etc Sri Sathya Sai Sadhana Trust
Date of publication, distribution, etc 2009
270 ## - ADDRESS
Address Sri Sathya Sai Sadhana Trust, Andhra Pradesh
City Prasanthi Nilayam
Postal code 515134
300 ## - PHYSICAL DESCRIPTION
Extent vii, 320 p.
Dimensions 21cm (Pbk)
700 ## - ADDED ENTRY--PERSONAL NAME
9 (RLIN) 12574
942 ## - ADDED ENTRY ELEMENTS (KOHA)
Source of classification or shelving scheme Dewey Decimal Classification
Item type English Books
Classification part 230.35
Call number suffix BRU
Holdings
Withdrawn status Lost status Not for loan Collection code Home library Current library Date acquired Cost, normal purchase price Full call number Barcode Copy number Cost, replacement price Koha item type
    Not For Loan Non-fiction D.B.Act.Division D.B.Act.Division 13/08/2010 141.00 230.35 BRU EN-83711 1 141.00 English Books

© Delhi Public Library
Hit Counter
free hit counter